| 000 | 01072nam a2200217Ia 4500 | ||
|---|---|---|---|
| 001 | 15769 | ||
| 003 | GE_BSU | ||
| 008 | 181216s||||||||xx |||||||||||||| ||und|| | ||
| 040 | _cGE_BSU | ||
| 080 | _a82-93:821.353.1-11 | ||
| 100 | _aჭელიძე, ოთარი | ||
| 245 | _aსაბავშვო პოემები | ||
| 245 | _cრედ.ი.ორჯონიკიძე. ყდა და ტიტული თ.სამსონაძისა.ილუსტრ. შ.ცხადაძისა. მხ. შ. დოლიძე | ||
| 260 | _aთბილისი | ||
| 260 | _bნაკადული | ||
| 260 | _c1971 | ||
| 300 | _a163გვ. ; 16სმ.ილ. | ||
| 653 | _aალხანა და ჩალხანა; ფიცი კოცონთან; ლეგენდარული ჩანთა; მწვანე მეხამრიდი; ოქროყანელი შაქრო; განსაცდელი; თანდილა | ||
| 653 | _aსაბავშვო პოემები | ||
| 942 | _cBK | ||
| 999 |
_c48867 _d48867 |
||